| 000 | 00463nam a2200133Ia 4500 | ||
|---|---|---|---|
| 008 | 191108s9999 xx 000 0 und d | ||
| 020 | _a9.7897100905e+012 | ||
| 100 | _aOlmedo, Yay Padua | ||
| 245 |
_cYay Padua Olmedo.-- _aGoing up?: _bMaking right choices at work / |
||
| 260 |
_aMandaluyong City : _bOMF Literature Inc. _c2010. |
||
| 300 |
_a157 pages : _c18 cm |
||
| 650 | _aChristian leadership. | ||
| 650 | _aLeadership -- Religious aspects -- Christianity. | ||
| 999 |
_c362539 _d362539 |
||